000 00596nam a22001457a 4500
020 _a0-14-062123-7
082 _a823
_bHAG/K
100 _aHAGGARD, RIDER
245 _aKING SOLOMON'S MINES
260 _aLONDON
_bPENGUIN BOOKS
_c1994
300 _a298
520 _aIt tells of a search of an unexplored region of Africa by a group of adventurers led by Allan Quatermain for the missing brother of one of the party. It is one of the first English adventure novels set in Africa and is considered to be the genesis of the lost world literary genre
650 _aNOVEL
_zUNITED KINGDOM
942 _cBK
999 _c3267
_d3267